Kluby Piłkarskie w Ekstraklasie sezon 2024/25 - Statystyki

Ogólne statystyki
  • Ten quiz został rozwiązany 230 razy
  • Średni wynik to 14 z 18
Statystyki odpowiedzi
Miejsce w
ubiegłym
sezonie
Nazwa Klubu % Poprawnych
5 Lech Poznań
96%
3 Legia Warszawa
96%
1 Jagiellonia Białystok
94%
2 Śląsk Wrocław
85%
1 (I Liga) Lechia Gdańsk
84%
Baraże (I Liga) Motor Lublin
80%
7 Raków Częstochowa
80%
4 Pogoń Szczecin
79%
6 Górnik Zabrze
75%
9 Widzew Łódź
73%
2 (I Liga) GKS Katowice
72%
13 Cracovia
71%
14 Korona Kielce
70%
12 Puszcza Niepołomice
70%
8 Zagłębie Lubin
67%
15 Radomiak Radom
63%
10 Piast Gliwice
61%
11 Stal Mielec
59%
Nie znaleziono quizów pasujących do podanych kryteriów
Rozkład punktacji
Procent ludzi z każdym wynikiem
Percentyl według liczby udzielonych odpowiedzi
Twoja historia wyników
Nie rozwiązałeś tego quizu